Análisis comparativo de los modelos Okomura-Hata & SPM en un entorno semi-urbano para tecnología W-CDMA

Presenta 2 modelos de propagación con el fin de determinar cuál se ajusta mejor a las mediciones reales, para posteriormente utilizarlos en otras zonas del país, que posean entornos similares, nos referimos precisamente a entornos semi-urbano o suburbanos.

Bibliographic Details
Main Author: Parrales Rivera, Oscar Antonio
Other Authors: Tutor: Dalla Torre, Cedrick
Format: Tesis Section = Libro
Language:Undetermined
Spanish
Published: Managua UNI 2019
Subjects:
LEADER 01055nam a2200253Ia 4500
008 240830s9999 xx 000 0 und d
040 |a BIBLIOTECA-RUSB/ Mon 621.38456 P258 
041 |a spa 
082 |a Mon 621.38456 P258 
100 1 |a Parrales Rivera, Oscar Antonio 
245 1 0 |a Análisis comparativo de los modelos Okomura-Hata & SPM en un entorno semi-urbano para tecnología W-CDMA 
260 |a Managua  |b UNI  |c 2019 
300 |a 54 p. :il. 
500 |a Contiene: anexos y CD. 
502 |a Tesis (Ingeniero Electrónico) - UNI, 2019. 
520 3 |a Presenta 2 modelos de propagación con el fin de determinar cuál se ajusta mejor a las mediciones reales, para posteriormente utilizarlos en otras zonas del país, que posean entornos similares, nos referimos precisamente a entornos semi-urbano o suburbanos. 
650 7 |a REDES MOVILES 
650 7 |b  MODELOS DE PROPAGACION 
650 7 |c  TELECOMUNICACIONES MOVILES 
650 7 |d  TRANSMISORES 
700 1 |a Tutor:  |b Dalla Torre, Cedrick 
942 |c BK  |2 ddc 
991 |a TESIS 
999 |c 20311